| 000 | 00353nam a2200133Ia 4500 | ||
|---|---|---|---|
| 005 | 20260328101525.0 | ||
| 008 | 260328s9999||||xx |||||||||||||| ||und|| | ||
| 100 | _aKrapmeier, Helmut | ||
| 245 | 0 |
_aCepheus : _b Living confort without heating / _cHelmut Krapmeier |
|
| 260 | _bSpringer | ||
| 300 | _a149 p. | ||
| 650 | _aARQUITECTURA Y CLIMA | ||
| 942 | _cBK | ||
| 999 |
_c9737 _d9737 |
||